Les equations de von Kármán
Сохранить в:
| Главные авторы: | , |
|---|---|
| Формат: | |
| Язык: | французский |
| Опубликовано: |
Berlín
Springer-Verlag
1980
|
| Серии: | Lecture Notes in Mathematics, 826
|
| Предметы: | |
| Метки: |
Добавить метку
Нет меток, Требуется 1-ая метка записи!
|
MARC
| LEADER | 00000nam a2200000 a 4500 | ||
|---|---|---|---|
| 001 | UCP1637 | ||
| 003 | CL-VaPUC | ||
| 008 | 990416e19800000GW |||||||||||||||||fre|d | ||
| 082 | 0 | 4 | |a 515 |b CIA |2 21 |
| 100 | 0 | |a Ciarlet, Philippe G |e author |9 427801 | |
| 700 | 0 | |a Rabier, Patrick |e author |9 427802 | |
| 245 | 1 | 4 | |a Les equations de von Kármán |
| 300 | |a 181 p | ||
| 942 | |c BK | ||
| 945 | |d 19990416 00:00:00 |a crobeson | ||
| 260 | |a Berlín |b Springer-Verlag |c 1980 | ||
| 650 | 0 | |a Análisis numérico |9 259387 | |
| 650 | 0 | |a Análisis matemático |9 260146 | |
| 650 | 7 | |a BIFURCACIONES |2 CL-VaPUC |9 425460 | |
| 650 | 7 | |a PERTURBACIONES |2 CL-VaPUC |9 425458 | |
| 583 | |a last modification |c 19990416 00:00:00 |k Rodrigo Vera | ||
| 490 | 0 | |a Lecture Notes in Mathematics, 826 | |
| 999 | |c 280303 |d 280301 | ||
| 952 | |0 0 |1 0 |4 0 |6 515_000000000000000_CIA_1980 |7 0 |8 A |9 320554 |a BIBMAT |b BIBMAT |d 2019-11-20 |i 1343688 |o 515 CIA 1980 |p 1343688 |r 2025-01-07 |w 2019-11-20 |y BK |k MAT | ||